Library of the University of Algiers 3
Ibrahim Sultan Cheibout
شعار جامعة الجزائر 3
مكتبة جامعة الجزائر 3
إبراهيم سلطان شيبوط

تداول المصنفات عبر الأنترنت : (رقم التسجيلة. 46107)

تفاصيل مارك
000 -LEADER
fixed length control field 01930nam a2200217Ia 4500
003 - CONTROL NUMBER IDENTIFIER
control field Ost
005 - DATE AND TIME OF LATEST TRANSACTION
control field 20260507075738.0
008 - FIXED-LENGTH DATA ELEMENTS--GENERAL INFORMATION
fixed length control field 260507s9999||||xx |||||||||||||| ||und||
040 ## - CATALOGING SOURCE
Transcribing agency fsecg
041 ## - LANGUAGE CODE
Language code of text/sound track or separate title ara
082 ## - DEWEY DECIMAL CLASSIFICATION NUMBER
Classification number 346.0482
100 ## - MAIN ENTRY--PERSONAL NAME
Personal name بدر، أسامة أحمد
Relator term مؤلف
245 #0 - TITLE STATEMENT
Title تداول المصنفات عبر الأنترنت :
Remainder of title مشكلات وحلول في ضوء قانون حماية حقوق الملكية الفكرية رقم 82لسنة 2002 /
Statement of responsibility, etc. أسامة أحمد بدر
260 ## - PUBLICATION, DISTRIBUTION, ETC.
Place of publication, distribution, etc. الاسكندرية:
Name of publisher, distributor, etc. دار الجامعة الجديدة للنشر,
Date of publication, distribution, etc. 2004
300 ## - PHYSICAL DESCRIPTION
Extent 174 صفحة؛
Other physical details إيضاحات ؛
Dimensions 24 سم
490 ## - SERIES STATEMENT
Series statement المكتبة القانونية
504 ## - BIBLIOGRAPHY, ETC. NOTE
Bibliography, etc. note ببلوغرافيا: ص.154 قائمة المختصرات ص.173
520 ## - SUMMARY, ETC.
Summary, etc. الحد من مكنات الحقوق الأدبية للمؤلف،أثر الترميز الرقمي للمصنف على الحقوق الأدبية للمؤلف،مكنات الحقوق الأدبية في ضوء المصنف الجماعي،مكنات الحقوق الأدبية والمصنف السمعي البصري،مكنات الحقوق الأدبية في ضوء الإقتباس من المصنف،أثر الترميز الرقمي للمصنف على الحقوق المالية للمؤلف،نطاق حق النسخ في ظل النشر الإلكتروني،تفضيل المنتجين لنموذج المصنف الجماعي،الحد من مبدأ المقابل النسبي للمؤلف،مدى فاعلية الحلول التقليدية والإدارة الجماعية،تحديد وتقسيم التردد حول ذاتية تشريعات حماية حقوق المؤلف،مبررات الإدارة الجماعية،مضمون الإدارة الجماعيةتقديرنا لفكرة الإدارة الجماعية
653 ## - INDEX TERM--UNCONTROLLED
Uncontrolled term حقوق التأليف والنشر
942 ## - ADDED ENTRY ELEMENTS (KOHA)
Koha item type كتب
المقتنيات
Withdrawn status Lost status Source of classification or shelving scheme Damaged status Not for loan Home library Current library Date acquired Serial enumeration / chronology Inventory number Total checkouts Full call number Barcode Date last seen Price effective from Koha item type
    Library of Congress Classification   NOT LOAN / إعارة داخلية مكتبة كلية العلوم الإقتصادية والعلوم التجارية وعلوم التسيير مكتبة كلية العلوم الإقتصادية والعلوم التجارية وعلوم التسيير 07/05/2026 الطابق الأرضي 1260/1   أ/1260ن1 1260/1 07/05/2026 07/05/2026 كتب
    Dewey Decimal Classification   Available مكتبة كلية العلوم الإقتصادية والعلوم التجارية وعلوم التسيير مكتبة كلية العلوم الإقتصادية والعلوم التجارية وعلوم التسيير 07/05/2026 الطابق الأرضي 1260/2   أ/1260ن2 1260/2 07/05/2026 07/05/2026 كتب
    Dewey Decimal Classification   Available مكتبة كلية العلوم الإقتصادية والعلوم التجارية وعلوم التسيير مكتبة كلية العلوم الإقتصادية والعلوم التجارية وعلوم التسيير 07/05/2026 الطابق الأرضي 1260/3   أ/1260ن3 1260/3 07/05/2026 07/05/2026 كتب
    Dewey Decimal Classification   Available مكتبة كلية العلوم الإقتصادية والعلوم التجارية وعلوم التسيير مكتبة كلية العلوم الإقتصادية والعلوم التجارية وعلوم التسيير 07/05/2026 الطابق الثاني 1260/4   أ/1260ن4 1260/4 07/05/2026 07/05/2026 كتب
    Dewey Decimal Classification   Available مكتبة كلية العلوم الإقتصادية والعلوم التجارية وعلوم التسيير مكتبة كلية العلوم الإقتصادية والعلوم التجارية وعلوم التسيير 07/05/2026 الطابق الثاني 1260/5   أ/1260ن5 1260/5 07/05/2026 07/05/2026 كتب

موارد الويب المفتوحة


© University of Algiers 3 All Rights Reserved
|
Implemented by LECHELAH Riad